000 00463cam a2200193ua 4500
003 OSt
005 20251208144612.0
008 251208b |||||||| |||| 00| 0 eng d
041 _aeng
082 _a631.1
_bMIC/PR
100 _aMichael, A.M.
245 _aPrinciples of agricultural engineering, Vol 2 /
250 _a2 /
260 _aNew Delhi :
_bJain Brothers ,
_c1981.
300 _a655 ; .
500 _a* CSS
700 1 _aOjha, T.P.
942 _cBK
999 _c9635
_d9635